高等学校数学の単元 - Statistics

General Stats
  • This quiz has been taken 212 times
  • The average score is 6 of 21
Answer Stats
科目 単元 % Correct
数学C ベクトル
73%
数学B 数列
61%
二次関数
59%
三角関数
59%
数学Ⅰ 数と式
46%
微分法
40%
積分法
40%
場合の数と確率
39%
数学Ⅲ 極限
34%
図形と方程式
30%
数学A 図形の性質
28%
データの分析
21%
指数関数・対数関数
20%
図形と計量
19%
統計的な推測
10%
数学と人間の活動
9%
数学Ⅱ いろいろな式
6%
数学と社会生活
4%
微分・積分の考え
3%
平面上の曲線と複素数平面
3%
数学的な表現の工夫
3%
No matching quizzes found
Score Distribution
Percent of People with Each Score
Percentile by Number Answered
Your Score History
You have not taken this quiz